Předpjaté betonové konstrukce

Saved in:
Bibliographic Details
Main Author: Navrátil, Jaroslav (Author)
Format: Book
Language:Czech
Published: Brno : CERM, 2004
Edition:1.vyd.
Tags: Add Tag
No Tags, Be the first to tag this record!

MARC

LEADER 00000nam a22000003a 4500
001 stu96809
005 20150617225817.1
008 051028s2004----xr------------------cze-d
020 |a 80-214-2649-7 
040 |a STU  |b slo 
041 0 |a cze 
044 |a xr 
080 |a 624.012.36 
100 1 |a Navrátil, Jaroslav  |4 aut 
245 1 |a Předpjaté betonové konstrukce 
250 |a 1.vyd. 
260 |a Brno :  |b CERM,  |c 2004 
300 |a 160 s.;schémy 
996 |b 284V023980  |c V*41722/S-05  |l VVT  |s A  |a 24  |w stu96809_0001